LEADER 01413nam 2200421Ia 450 001 9910698058803321 005 20090212112532.0 035 $a(CKB)5470000002394414 035 $a(OCoLC)303405848 035 $a(EXLCZ)995470000002394414 100 $a20090212d2008 ua 0 101 0 $aeng 181 $ctxt$2rdacontent 182 $cc$2rdamedia 183 $acr$2rdacarrier 200 10$aHeeling accident on M/V Crown Princess, Atlantic Ocean off Port Canaveral, Florida, July 18, 2006$b[electronic resource] /$fNational Transportation Safety Board 210 1$aWashington, D.C. :$cNational Transportation Safety Board,$d[2008] 215 $avi, 95 pages $cdigital, PDF file 225 1 $aMarine accident report ;$vNTSB/MAR-08/01 300 $aTitle from title screen (viewed Feb. 11, 2009) 300 $a"Adopted January 30, 2008." 300 $a"PB2008-916401." 300 $a"Notation 7582B." 320 $aIncludes bibliographical references. 606 $aCruise ships$xAccidents$zFlorida 606 $aSteering-gear 606 $aPilots and pilotage 606 $aMarine accidents$zFlorida 615 0$aCruise ships$xAccidents 615 0$aSteering-gear. 615 0$aPilots and pilotage. 615 0$aMarine accidents 801 0$bGPO 801 1$bGPO 906 $aBOOK 912 $a9910698058803321 996 $aHeeling accident on M$93096353 997 $aUNINA